ბათუმის შოთა რუსთაველის სახელმწიფო უნივერსიტეტის ბიბლიოთეკა

საქართველოს ძირეული ტყეები (ბიბ.ჩანაწერი № 49167)

000 -ლიდერი
ფიქსირებული სიგრძის საკონტროლო ველი 01615nam a2200289Ia 4500
001 - საკონტროლო ნომერი
საკონტროლო ველი 16078
003 - საკონტროლო ნომრის იდენტიფიკატორი
საკონტროლო ველი GE_BSU
005 - ბოლო ოპერაციის თარიღი და დრო
საკონტროლო ველი 20241205174656.0
008 - ფიქსირებული სიგრძის მონაცემთა ელემენტები - ზოგადი ინფორმაცია
ფიქსირებული სიგრძის საკონტროლო ველი 181216s2004||||ge |||||||||||||| ||geo||
020 ## - წიგნის საერთაშორისო სტანდარტული ნომერი
International Standard Book Number ISBN 99928-0-854-3
040 ## - კატალოგიზაციის წყარო
Transcribing agency GE_BSU
041 ## - ენის კოდი
Language code of text/sound track or separate title geo
080 ## - უნივერსალური ათობითი კლასიფიკაციის ინდექსი
Universal Decimal Classification number 581.526.42(479.22) + 630(479.22) + 630.187(479.22) ქ-45
100 ## - მთავარი ჩანაწერი - პიროვნების სახელი
Personal name ქვაჩაკიძე, რევაზ
9 (RLIN) 23865
245 ## - ცნობა სათაურის შესახებ
Title საქართველოს ძირეული ტყეები
Remainder of title ანთროპოგენური სუქცესიები, აღდგენა, რეკონსტრუქცია /
Statement of responsibility, etc რევაზ ქვაჩაკიძე, კახა იაშაღაშვილი, ნიკოლოზ ლაჩაშვილი ; [რედ. : ალექსანდრე ციცვიძე].
264 ## - წარმოების, გამოცემის, დისტრიბუციის და სხვა ცნობები
გამოცემის, წარმოების, დისტრიბუციის... ადგილი თბილისი :
გამოცემის, წარმოების, დისტრიბუციის... სახელწოდება მეცნიერება,
გამოცემის, წარმოების, დისტრიბუციის... თარიღი 2004.
300 ## - ფიზიკური აღწერა
Extent 101გვ. ;
Dimensions 20 სმ.
504 ## - BIBLIOGRAPHY, ETC. NOTE
Bibliography, etc ბიბლიოგრ. : გვ. 95-99
520 ## - SUMMARY, ETC.
Summary, etc რეზიუმე რუსულ და ინგლისურ ენებზე
653 ## - INDEX TERM--UNCONTROLLED
Uncontrolled term საქართველოს ტყეები
653 ## - INDEX TERM--UNCONTROLLED
Uncontrolled term ტყეების აღდგენა
653 ## - INDEX TERM--UNCONTROLLED
Uncontrolled term ტყის ტიპები
700 ## - ADDED ENTRY--PERSONAL NAME
Personal name იაშაღაშვილი, კახა
Relator term ავტორი
9 (RLIN) 23872
700 ## - ADDED ENTRY--PERSONAL NAME
Personal name ლაჩაშვილი, ნიკოლოზ
Relator term ავტორი
9 (RLIN) 23873
700 ## - ADDED ENTRY--PERSONAL NAME
Personal name ციცვიძე, ალექსანდრე
Relator term რედაქტორი
9 (RLIN) 8293
942 ## - ADDED ENTRY ELEMENTS (KOHA)
Koha item type წიგნი
Source of classification or shelving scheme
ეგზემპლარები
ჩამოწერის სტატუსი დაკარგული ეგზემპლარის სტატუსი კლასიფიკაციის წყარო ან თაროზე გაწყობის სქემა დაზიანების სტატუსი არ გაიცემა მუდმივი მდებარეობა (დაცვის ადგილი) ამჟამინდელი ადგილსამყოფელი თაროზე განთავსების ადგილი შეძენის თარიღი სრული შენახვის შიფრი შტრიხკოდი ბოლო ოპერაციის თარიღი ეგზემპლარის მიმდევრობითი ნომერი (კეტერი?) ფასის ძალაში შესვლის თარიღი ეგზემპლარის სახეობა
          ბათუმის შოთა რუსთაველის სახელმწიფო უნივერსიტეტის მთავარი ბიბლიოთეკა ბათუმის შოთა რუსთაველის სახელმწიფო უნივერსიტეტის მთავარი ბიბლიოთეკა წიგნსაცავი 2018-12-17 581.526.42(479.22) + 630(479.22) + 630.187(479.22) ქ-45 27505 2018-12-17 27505 2018-12-17 წიგნი